|
|
|
|
| LEADER |
01479nam a22003735a 4500 |
| 001 |
27633 |
| 003 |
BD-DhAAL |
| 005 |
20150208121700.0 |
| 008 |
130930s2007 gw ac b 001 0 eng |
| 010 |
|
|
|a 2007476027
|
| 020 |
|
|
|a 9783527406067 (alk. paper)
|
| 020 |
|
|
|a 3527406069 (alk. paper)
|
| 040 |
|
|
|a NLM
|c NLM
|d UKM
|d BAKER
|d OHX
|d BTCTA
|d YDXCP
|d TXA
|d DLC
|d BD-DhAAL
|
| 050 |
0 |
0 |
|a QC795
|b .T87 2007
|
| 082 |
0 |
4 |
|a 539.722
|2 22
|
| 999 |
|
|
|c 14040
|d 14040
|
| 999 |
|
|
|c 14040
|
| 100 |
1 |
|
|a Turner, J. E.
|q (James Edward)
|9 3340
|
| 245 |
1 |
0 |
|a Atoms, radiation, and radiation protection /
|c James E. Turner.
|
| 250 |
|
|
|a 3rd completely rev. and enl. ed.
|
| 260 |
|
|
|a Weinheim :
|b Wiley-VCH,
|c c2007.
|
| 300 |
|
|
|a xx, 585 p. :
|b ill., port. ;
|c 24 cm.
|
| 490 |
|
|
|a Physics textbook
|
| 504 |
|
|
|a Includes bibliographical references and index.
|
| 541 |
|
|
|e 27633
|
| 650 |
|
0 |
|a Ionizing radiation.
|9 3095
|
| 650 |
|
0 |
|a Radiation
|x Safety measures.
|9 3341
|
| 650 |
1 |
2 |
|a Nuclear Energy.
|9 3342
|
| 650 |
2 |
2 |
|a Radiation Effects.
|9 3343
|
| 650 |
2 |
2 |
|a Radiation Protection.
|9 3344
|
| 650 |
2 |
2 |
|a Radiometry.
|9 3345
|
| 942 |
|
|
|2 ddc
|c BK
|
| 952 |
|
|
|0 0
|1 0
|2 ddc
|4 0
|6 539_722000000000000_TUR
|7 0
|9 23540
|a BRACUL
|b BRACUL
|c GEN
|d 2013-09-30
|e Trim Education
|g 9550.00
|l 0
|o 539.722 TUR
|p 3010027633
|r 2013-09-30
|t 2
|w 2013-09-30
|y BK
|
| 952 |
|
|
|0 0
|1 0
|2 ddc
|4 0
|6 539_722000000000000_TUR
|7 0
|9 23572
|a BRACUL
|b BRACUL
|c GEN
|d 2013-10-01
|e Trim Education
|g 9550.00
|l 0
|o 539.722 TUR
|p 3010027623
|r 2013-10-01
|t 1
|w 2013-10-01
|y BK
|